Marktforschung Grundriss mit Fallstudien

Gespeichert in:
Bibliographische Detailangaben
1. Verfasser: Meffert, Heribert
Format: Buch
Sprache:Deutsch
Veröffentlicht: Wiesbaden Gabler 1986
Ausgabe:1. Aufl.
Schlagworte:
Tags: Tag hinzufügen
Keine Tags, Fügen Sie das erste Tag hinzu!

MARC

LEADER 00000nam a2200000 4500
001 c000016
005 20221220073518.4
020 |a 3-409-13606-1 
041 0 |a ger 
044 |a DE 
245 1 0 |a Marktforschung  |b Grundriss mit Fallstudien  |c Heribert Meffert 
250 |a 1. Aufl. 
264 1 |a Wiesbaden  |b Gabler  |c 1986 
300 |a 252 s. 
610 2 0 |a výskum trhu 
610 2 0 |a marketing 
610 2 0 |a zabezpečenie informačné 
610 2 0 |a metodológia 
610 2 0 |a využitie počítačov 
610 2 0 |a psychológia 
610 2 0 |a metodika 
610 2 0 |a testy 
610 2 0 |a obchod 
610 2 0 |a spotrebitelia 
100 1 |a Meffert, Heribert